Tábara Arriba : (Registro nro. 13725)
[ vista simple ]
| 000 -LIDER | |
|---|---|
| fixed length control field | 00540nam a22001817a 4500 |
| 003 - IDENTIFICACDOR DE NÚMERO DE CONTROL | |
| control field | DO-SdBNP |
| 005 - DATE AND TIME OF LATEST TRANSACTION | |
| control field | 20220302124111.0 |
| 008 - ELEMENTOS DE LONGITUD FIJA | |
| fixed length control field | 210913b |dr||| |||| 00| 0 spa d |
| 020 ## - ISBN | |
| International Standard Book Number | 9789945131895 |
| 040 ## - FUENTE DE CATALOGACIÓN | |
| Agencia que crea de manera original el registro | BPMSU |
| Idioma de catalogación | Spa |
| Agencia que realiza la transcripción | BPMSU |
| 100 1# - ASIENTO PRINCIPAL -- NOMBRE PERSONAL | |
| Nombre personal | Castillo Díaz, Rafael |
| Fechas asociadas con el nombre | 1952 - |
| 245 ## - MENCIÓN DE TITULO | |
| Título | Tábara Arriba : |
| Subtítulo | su historia / |
| Mención de responsabilidad | Rafael Nelio Castillo Díaz |
| 260 ## - PUBLICACIÓN, DISTRIBUCIÓN, ETC. (PIE DE IMPRENTA) | |
| Lugar de publicación, distribución, etc | Santo Domingo : |
| Nombre del editor, distribuidor, etc. | Editora Mediabyte, |
| Fecha de publicación, distribución, etc | 2016 |
| 300 ## - DESCRIPCIÓN FÍSICA | |
| Extensión | 59 p.; |
| Otros detalles físicos | il. |
| Dimensiones | 22 cm. |
| 504 ## - NOTA DE BIBLIOGRAFÍA, ETC. | |
| Bibliography, etc | Incluyes bibliografía 59 p., |
| 910 ## - VALIDACIÓN | |
| Validación | Mcabrera. |
| 942 ## - ADDED ENTRY ELEMENTS (KOHA) | |
| Source of classification or shelving scheme | Dewey Decimal Classification |
| Koha item type | Libros |
No hay ítems disponibles.